000 00653nam a2200241Ia 4500
003 OSt
005 20220918192956.0
006 a|||||r|||| 00| 0
007 ta
008 220917b |||||||| |||| 00| 0 eng d
024 _a71,357
037 _cTextual
040 _aARTS
_cARTS
_beng
041 _2eng
_aeng
082 _aR3xM87:g, J9 P D
100 _aBroad C D
_942418
245 0 _aPhilosophy ed by Paul Arthur Schilpp
260 _aN York
_bTudor Pub
_c1959
300 _axii, 866p.
_ccm.
490 _aLibrary of living philosophers
942 _hR3xM87:g, J9 P D
_cTEXL
_2CC
999 _c197430
_d197430